Statistics for Words Containing Q

Click here to take the quiz!

General Stats

  • This quiz has been taken 19,172 times
  • The average score is 12 of 22

Answer Stats

DefintionWord% Correct
Islamic place of worshipMosque
91%
One of a kindUnique
91%
Opposite of transparentOpaque
87%
Tentacled sea creatureSquid
83%
Lawn game with malletsCroquet
76%
This is to horses as bovine is to cattleEquine
66%
Liquor made from agaveTequila
66%
Knight's apprenticeSquire
62%
Device meant to cut off circulationTourniquet
61%
Event that happens opposite the solsticesEquinox
59%
Largest type of treeSequoia
56%
To declare not guiltyAcquit
54%
Insular social groupClique
51%
Creamy seafood soupBisque
50%
Color similar to turquoiseAqua
49%
Abdominal side muscleOblique
46%
Shiny flat bead used to decorate clothingSequin
46%
Rotational forceTorque
39%
Music composed to honor a dead personRequiem
32%
The aroma of wineBouquet
30%
Underground layer of waterAquifer
29%
Flirtatious womanCoquette
18%

Score Distribution

Percentile by Number Answered

Percent of People with Each Score

Your Score History

You have not taken this quiz